USERS AND USES OF LIBRARY (Record no. 16580)
[ view plain ]
| 000 -LEADER | |
|---|---|
| fixed length control field | 00360nam a2200133Ia 4500 |
| 008 - FIXED-LENGTH DATA ELEMENTS--GENERAL INFORMATION | |
| fixed length control field | 240624s9999 xx 000 0 und d |
| 041 ## - LANGUAGE CODE | |
| Language code of text/sound track or separate title | eng |
| 082 ## - DEWEY DECIMAL CLASSIFICATION NUMBER | |
| Classification number | 020 BAL |
| 100 ## - MAIN ENTRY--PERSONAL NAME | |
| Personal name | BALASUBRAMANIAN P |
| 245 ## - TITLE STATEMENT | |
| Title | USERS AND USES OF LIBRARY |
| 260 ## - PUBLICATION, DISTRIBUTION, ETC. | |
| Date of publication, distribution, etc. | 2011 |
| Place of publication, distribution, etc. | New Delhi |
| Name of publisher, distributor, etc. | Deep & Deep Publications Pvt. Ltd. |
| 300 ## - PHYSICAL DESCRIPTION | |
| Extent | x, : 142 : p. : cm. ; 22 |
| 365 ## - TRADE PRICE | |
| Currency code | RS |
| Price amount | 20 |
| Withdrawn status | Lost status | Damaged status | Not for loan | Home library | Current library | Shelving location | Date acquired | Source of acquisition | Cost, normal purchase price | Total Checkouts | Full call number | Barcode | Date last seen | Copy number | Price effective from | Koha item type |
|---|---|---|---|---|---|---|---|---|---|---|---|---|---|---|---|---|
| IMTN | IMTN | Rack 2-B | 01/24/2011 | WBD | 480.00 | 020 BAL | 16580 | 06/24/2024 | 1 | 06/24/2024 | Books |